000
00374nam a2200169Ia 4500
008
170705s9999 xx 000 0 und d
020
_a
9780545395274
245
_a
Pie /
245
_c
Sarah Weeks.
260
_a
New York :
260
_b
Scholastic,
260
_c
2011
300
_a
183 pages :
300
_b
color illustration ;
300
_c
19cm.
500
_a
930
999
_c
336520
_d
336520